Vista normal Vista MARC

Entrada Término temático

Número de registros utilizados en: 294

001 - NÚMERO DE CONTROL

  • campo de control: 9584

003 - IDENTIFICADOR DEL NÚMERO DE CONTROL

  • campo de control: CO-MdUADB

005 - FECHA Y HORA DE LA ÚLTIMA TRANSACCIÓN

  • campo de control: 20250120110901.0

008 - DATOS DE LONGITUD FIJA

  • campo de control de longitud fija: 230418|| azz||babn a a|a d

040 ## - FUENTE DE LA CATALOGACIÓN

  • Centro catalogador/agencia de origen: CO-MdUADB
  • Lengua de catalogación: spa
  • Centro/agencia transcriptor: CO-MdUADB
  • Normas de descripción: rda
  • Convención/Normas de encabezamiento de materia/tesauro: armarc

150 ## - ENCABEZAMIENTO--TÉRMINO DE MATERIA

  • Término de materia o nombre geográfico como elemento de entrada: Consumo de alimentos

450 ## - TRAZADO DE VÉASE--TÉRMINO DE MATERIA

  • Término de materia o nombre geográfico como elemento de entrada: Food consumption

450 ## - TRAZADO DE VÉASE--TÉRMINO DE MATERIA

  • Término de materia o nombre geográfico como elemento de entrada: Alimentos
  • Subdivisión general: Consumo